<?xml version="1.0" encoding="UTF-8"?>
<record
    xmlns:xsi="http://www.w3.org/2001/XMLSchema-instance"
    xsi:schemaLocation="http://www.loc.gov/MARC21/slim http://www.loc.gov/standards/marcxml/schema/MARC21slim.xsd"
    xmlns="http://www.loc.gov/MARC21/slim">

  <leader>00627nam a2200169Ia 4500</leader>
  <controlfield tag="003">LK-CoDNM</controlfield>
  <controlfield tag="008">010623t2013    xxu||||| |||| 00| 1 sin d</controlfield>
  <datafield tag="040" ind1=" " ind2=" ">
    <subfield code="a">LK-CoDNM</subfield>
    <subfield code="d">LK-CoDNM</subfield>
    <subfield code="e">LK-CoDNM</subfield>
  </datafield>
  <datafield tag="041" ind1=" " ind2=" ">
    <subfield code="a">sin</subfield>
  </datafield>
  <datafield tag="080" ind1=" " ind2=" ">
    <subfield code="a">X92 PER</subfield>
  </datafield>
  <datafield tag="100" ind1=" " ind2=" ">
    <subfield code="a">Perera,Yamuna Malani</subfield>
  </datafield>
  <datafield tag="245" ind1=" " ind2=" ">
    <subfield code="a">&#xDA9;&#xDD3; &#xD91;&#xDC3;&#xDCA; &#xD85;&#xDBA;&#xDD2; &#xDC3;&#xDD2;&#xD82;&#xDC4;&#xDCF;&#xDC0;&#xDBD;&#xDDD;&#xD9A;&#xDB1;&#xDBA; 1962-2012 &#xDB4;&#xDAF;&#xDD2;&#xD9A; &#xDC0;&#xDDA;&#xDAF;&#xDD2;&#xD9A;&#xDCF;&#xDC0;&#xDDA; &#xDC3;&#xDD2;&#xDA7; &#xDA2;&#xDCF;&#xDAD;&#xDCA;&#x200D;&#xDBA;&#xDB1;&#xDCA;&#xDAD;&#xDBB; &#xD9A;&#xDBB;&#xDC5;&#xDD2;&#xDBA; &#xDAF;&#xD9A;&#xDCA;&#xDC0;&#xDCF;</subfield>
  </datafield>
  <datafield tag="246" ind1=" " ind2=" ">
    <subfield code="a">DSI SinhawaLokanaya 1962-2012 Padika Wedikawe Sita Jathyanthara Karaliya Dakwa</subfield>
  </datafield>
  <datafield tag="260" ind1=" " ind2=" ">
    <subfield code="b"></subfield>
    <subfield code="c">[2013]</subfield>
  </datafield>
  <datafield tag="300" ind1=" " ind2=" ">
    <subfield code="b">116, Iill, 22 cm</subfield>
  </datafield>
  <datafield tag="942" ind1=" " ind2=" ">
    <subfield code="c">BK</subfield>
  </datafield>
  <datafield tag="952" ind1=" " ind2=" ">
    <subfield code="0">0</subfield>
    <subfield code="1">0</subfield>
    <subfield code="4">0</subfield>
    <subfield code="7">0</subfield>
    <subfield code="8">MONO</subfield>
    <subfield code="a">MAIN</subfield>
    <subfield code="b">MAIN</subfield>
    <subfield code="d">2023-08-02</subfield>
    <subfield code="l">0</subfield>
    <subfield code="o">X92 PER</subfield>
    <subfield code="p">158201</subfield>
    <subfield code="r">2025-04-24</subfield>
    <subfield code="w">2023-08-02</subfield>
    <subfield code="y">BK</subfield>
  </datafield>
  <datafield tag="999" ind1=" " ind2=" ">
    <subfield code="c">133285</subfield>
    <subfield code="d">133285</subfield>
  </datafield>
</record>
